10 Biggest Cities in Sweden - Statistics

General Stats
  • This quiz has been taken 25 times
  • The average score is 2 of 10
Answer Stats
Rank Population City % Correct
1 1,515,017 Stockholm
100%
4 149,245 Uppsala
39%
10 104,250 Helsingborg
22%
3 301,706 Malmoe
17%
2 572,799 Goeteborg
13%
9 106,502 Linkoeping
13%
7 117,746 Vaesteras
9%
8 115,765 OErebro
4%
5 139,606 Sollentuna
4%
6 127,323 Soedermalm
0%
No matching quizzes found
Score Distribution
Percent of People with Each Score
Percentile by Number Answered
Your Score History
You have not taken this quiz